00724nam a22002057a 450000500170000001000150001702000260003203500140005803700090007208200110008110000340009224500500012626000510017627000720022730000200029950000140031994200250033399900190035895201410037720240429105638.0 aENG-140232 c499.00a9789355329325 aEN-123764 bDBAD a00022 aBhagat, Madhukar Kumar965139 aCUET:cBY Madukar Kumar BhagatbHOW TOEXCEL/ achennaibMc Graw Hill Education Pvt. Ltdc2024 aAnjana Complex No.5/90A,Butt Road,St.Thomas Mount bchennaie600016 a298p.c24cm(pb) aFor- CUET 2ddccENh000mBHAe2 c202367d202367 001040708NFICaAVbAVd2024-04-24eDBADg499.00l6m4oBHA 000pEN-123764r2026-06-01 16:33:46s2026-05-18t1v576.00w2024-04-24yEN